000 01009cam a2200301 a 4500
999 _c6826
_d6826
001 15961997
003 GBCCL
005 20241126110612.0
008 091027s2010 iluab 000 0 eng
010 _a 2009045357
020 _a9781433504006 (hardcover)
020 _a9781433521454 (calfskin)
020 _a9781433521447 (leather)
020 _a9781433521522
020 _a9781433521515
040 _aDLC
_cDLC
_dDLC
050 0 0 _aBS195
_b.E64 2010
082 0 0 _a220.5208
_222
_bMAC
130 0 _aBible.
_lEnglish.
_sEnglish Standard.
_f2010.
_912235
245 1 4 _aThe MacArthur Study Bible :
_bEnglish Standard Version.
260 _aWheaton, Ill. :
_bCrossway Bibles,
_cc2010.
300 _axl, 2102 p. :
_bill., col. maps ;
_c25 cm.
700 1 _aMacArthur, John,
_d1939-
_91165
710 2 _aCrossway Bibles.
_912236
906 _a7
_bcbc
_corignew
_d1
_eecip
_f20
_gy-gencatlg
942 _2ddc
_cREF